Phan Bội Châu (1867 - 1940) con người và sự nghiệp
Đề cập đến hoạt động cứu nước; những đóng góp về văn hóa và tư tưởng.
Đã lưu trong:
| Tác giả chính: | |
|---|---|
| Định dạng: | Sách |
| Năm xuất bản: |
H.
[Knxb]
1997
|
| Chủ đề: | |
| Tags: |
Thêm thẻ
Không có thẻ, Hãy là người đầu tiên gắn thẻ bản ghi này!
|
| LEADER | 01466nam a2200241 4500 | ||
|---|---|---|---|
| 082 | |a 959.703 |b PH105B | ||
| 100 | |a Đặng Thanh Toán | ||
| 245 | |a Phan Bội Châu (1867 - 1940) con người và sự nghiệp |c Đặng Thanh Toán, Chương Thâu, Lê Quý Thi | ||
| 260 | |a H. |b [Knxb] |c 1997 | ||
| 300 | |a 406 tr. |c 19 cm. | ||
| 520 | |a Đề cập đến hoạt động cứu nước; những đóng góp về văn hóa và tư tưởng. | ||
| 653 | |a Lịch sử cận đại | ||
| 653 | |a Việt Nam | ||
| 653 | |a Phan Bội Châu | ||
| 653 | |a Phong trào yêu nước | ||
| 653 | |a Sự nghiệp cách mạng | ||
| 942 | |2 ddc |c STK0 | ||
| 999 | |c 8738 |d 8738 | ||
| 952 | |0 0 |1 0 |2 ddc |4 0 |6 959_703000000000000_PH105B |7 0 |8 900 |9 71487 |a qbu |b qbu |c D5 |d 2015-04-25 |g 35000 |o 959.703 PH105B. |p 8876.c1 |r 0000-00-00 |w 2015-04-25 |y STK0 | ||
| 952 | |0 0 |1 0 |2 ddc |4 0 |6 959_703000000000000_PH105B |7 0 |8 900 |9 71488 |a qbu |b qbu |c D5 |d 2015-04-25 |g 35000 |o 959.703 PH105B. |p 8876.c2 |r 0000-00-00 |w 2015-04-25 |y STK0 | ||
| 952 | |0 0 |1 0 |2 ddc |4 0 |6 959_703000000000000_PH105B |7 0 |8 900 |9 71489 |a qbu |b qbu |c D5 |d 2015-04-25 |g 35000 |o 959.703 PH105B. |p 8876.c3 |r 0000-00-00 |w 2015-04-25 |y STK0 | ||
| 952 | |0 0 |1 0 |2 ddc |4 0 |6 959_703000000000000_PH105B |7 0 |8 900 |9 71490 |a qbu |b qbu |c D5 |d 2015-04-25 |g 35000 |l 2 |o 959.703 PH105B. |p 8876.c4 |r 2018-09-25 |s 2018-09-18 |w 2015-04-25 |y STK0 | ||
| 952 | |0 0 |1 0 |2 ddc |4 0 |6 959_703000000000000_PH105B |7 0 |8 900 |9 71491 |a qbu |b qbu |c D5 |d 2015-04-25 |g 35000 |o 959.703 PH105B. |p 8876.c5 |r 0000-00-00 |w 2015-04-25 |y STK0 | ||